DRAVYAGUNA VIGYAN (Record no. 8724)

MARC details
000 -LEADER
fixed length control field 00316nam a22001457a 4500
003 - CONTROL NUMBER IDENTIFIER
control field SGT
082 ## - DEWEY DECIMAL CLASSIFICATION NUMBER
Classification number 612.015
Item number D13S
100 ## - MAIN ENTRY--PERSONAL NAME
Personal name SHARMA,PRIYAVRUT
245 ## - TITLE STATEMENT
Title DRAVYAGUNA VIGYAN
250 ## - EDITION STATEMENT
Edition statement 1ST
260 ## - PUBLICATION, DISTRIBUTION, ETC. (IMPRINT)
Place of publication, distribution, etc VARANASI
Name of publisher, distributor, etc CHAUKHAMBHA PUB
Year of Publication 2013
300 ## - PAGE DESCRIPTION
No. of Pages 873
650 ## - SUBJECT ADDED ENTRY--TOPICAL TERM
Topical term or geographic name as entry element DRAVYAGUNA VIGYAN
942 ## - ADDED ENTRY ELEMENTS (KOHA)
Source of classification or shelving scheme Dewey Decimal Classification
Koha item type Books
942 ## - ADDED ENTRY ELEMENTS (KOHA)
-- 10
Holdings
Withdrawn status Lost status Source of classification or shelving scheme Damaged status Not for loan Collection code Home library Current library Shelving location Date acquired Vendor Name Cost, normal purchase price Volume Information (Serial or Books or Non-Book Material) SGTU Bill Number Total Checkouts Full call number Accession No. (Barcode) Date last seen Bill Date Koha item type Date last borrowed
    Dewey Decimal Classification     AYURVEDA SGT FA-FP Library SGT FA-FP Library Text Book 02/04/2016 CHAUKHAMBHA 295.00 2 SGTU 1079   612.015 D13S FA4962 02/04/2016 10/02/2016 Books  
    Dewey Decimal Classification     AYURVEDA SGT FA-FP Library SGT FA-FP Library Text Book 02/04/2016 CHAUKHAMBHA 295.00 2 SGTU 1079 18 612.015 D13S FA4963 21/02/2025 10/02/2016 Books 21/02/2025